000 01295nam a22003491a 4500
001 24593
003 BD-RjUL
005 20211209001054.0
008 140313r19551937enkah b 001 0 eng
035 _a(BD-RjUL)24662
035 _a(OCoLC)25437942
040 _aDLC
_cCaSRU
_dMWalB
_dDLC
_dBD-RjUL
_beng
041 1 _aeng
_hfre
082 _a933
_bLOP 1955
100 1 _aLods, Adolphe,
_d1867-1948.
_975696
245 1 4 _aThe prophets and the rise of Judaism /
_cAdolphe Lods ; translated by S. H. Hooke.
260 _aLondon :
_bKegan Paul, Trench, Trubner & Co., Ltd.,
_c1955.
300 _axxiv, 378 p. :
_bill., facsim. ;
_c24 cm.
490 1 _aThe history of civilization
500 _aTranslation of: Les prophetes d'Israel et les débuts du judaism.
504 _aIncludes bibliographical references (p. 357-368) and index.
600 1 0 _aSimons, Leonard N.,
_d1904-
_975697
650 0 _aProphets.
_975698
650 0 _aJews
_xHistory
_y586 B.C.-70 A.D.
_974843
650 0 _aJudaism.
_958292
700 1 _aHooke, S. H.
_q(Samuel Henry),
_d1874-1968.
_974844
830 0 _aHistory of civilization (K. Paul, Trench, Trubner (London))
_975699
942 _2ddc
_cBK
999 _c24593
_d24593